A bénultság természetrajza. Vitairat az RMDSZ-ről
Elmentve itt :
| Szerző: | |
|---|---|
| Adatforrás: | Meister |
| Forrásdokumentuma: | Korunk. - 3 sz., 1994, 23-27 p. |
| Nyelv: | magyar |
| Kulcsszavak: | politológia kisebbségi intézményrendszer autonómia szimbolikus cselekvések civil társadalom kisebbségi kérdés kisebbség magyarok (romániai) intézmény RMDSZ-politika román társadalom nemzeti identitás kisebbségi érdekvédelem RMDSZ-Romániai Magyar Demokrata Szövetség Román Nemzeti Egységpárt (PUNR) |
| LEADER | 00901nab a2200301 i 4500 | ||
|---|---|---|---|
| 001 | bibPRO00000038 | ||
| 008 | 060524s1994 xx hun | ||
| 040 | |a Sz1 | ||
| 041 | |a hun | ||
| 100 | 1 | |a SALAT Levente | |
| 245 | 1 | 2 | |a A bénultság természetrajza. Vitairat az RMDSZ-ről |c SALAT Levente |
| 695 | |a politológia | ||
| 695 | |a kisebbségi intézményrendszer | ||
| 695 | |a autonómia | ||
| 695 | |a szimbolikus cselekvések | ||
| 695 | |a civil társadalom | ||
| 695 | |a kisebbségi kérdés | ||
| 695 | |a kisebbség | ||
| 695 | |a magyarok (romániai) | ||
| 695 | |a intézmény | ||
| 695 | |a RMDSZ-politika | ||
| 695 | |a román társadalom | ||
| 695 | |a autonómia | ||
| 695 | |a nemzeti identitás | ||
| 695 | |a kisebbségi érdekvédelem | ||
| 695 | |a RMDSZ-Romániai Magyar Demokrata Szövetség | ||
| 695 | |a Román Nemzeti Egységpárt (PUNR) | ||
| 773 | 0 | |t Korunk. - |g 3 sz., 1994, 23-27 p. | |